Érzelmi fővárosunk: Szarajevó

Elmentve itt :
Bibliográfiai részletek
Szerző: BODOR Pál
Adatforrás:Meister
Forrásdokumentuma:A Hét. -
3 sz., 1995, 2 p.
Nyelv:magyar
Kulcsszavak:politikai publicisztika
politikai analízis
magyar-román kapcsolatok
magyarellenesség (román)
román magyarellenesség
kisebbségi nacionalizmus
nacionalizmus (kisebbségi)
nacionalizmus
magyarok (romániai)
kisebbségi sors
FUNAR Gheorghe
LEADER 00699nab a2200241 i 4500
001 bibPRO00006788
008 060524s1995 xx hun
040 |a Sz1 
041 |a hun 
100 1 |a BODOR Pál 
245 1 0 |a Érzelmi fővárosunk: Szarajevó  |c BODOR Pál 
695 |a politikai publicisztika 
695 |a politikai analízis 
695 |a magyar-román kapcsolatok 
695 |a magyarellenesség (román) 
695 |a román magyarellenesség 
695 |a kisebbségi nacionalizmus 
695 |a nacionalizmus (kisebbségi) 
695 |a nacionalizmus 
695 |a magyarok (romániai) 
695 |a kisebbségi sors 
695 |a FUNAR Gheorghe 
773 0 |t A Hét. -  |g 3 sz., 1995, 2 p.